Statistiques concernant Générique Albert, le 5ème mousquetaire - Paroles

Cliquez ici pour prendre le quiz!

Statistiques générales

  • Ce quiz a été pris 15 fois
  • Le résultat moyen est 17 sur 22

Statistiques - réponses

Paroles% Correct
Albert le cinquième {mousquetaire}
100%
Albert le cinquième {mousquetaire}
93%
De tous les {mousquetaires}
93%
Il se nomme Albert, {Albert}
93%
Albert le cinquième {mousquetaire}
87%
Albert le cinquième {mousquetaire}
87%
Il se nomme Albert, {Albert}
87%
Pour sauver le {roi} d'un complot terrifiant
87%
Albert le cinquième {mousquetaire}
80%
Au trot de sa mule, filant comme le {vent}
80%
Et le parfum des {fleurs}
80%
Hourra pour Albert, {Albert}
80%
Malin, rieur, c'est un vrai {farceur}
80%
Il combat {Milady}
73%
Il parcourt le {pays}
67%
Rusé, blagueur, il sera {vainqueur}
67%
S'il n'as pas été reconnu par l'{histoire}
67%
A la sauce {bolognaise}
60%
Avec un tromblon chargé de {spaghettis}
53%
C'est qu'à l'heure des {honneurs}
53%
Il préfère aller {respirer} l'air du soir
47%
C'est lui le meilleur et le plus {petit}
40%

Distribution des résultats

Percentile par nombre de réponses

% des personnes avec chaque résultat

Votre développement - résultats

Vous n’avez pas pris ce quiz